00813cam a22002414a 450000100090000000300040000900500170001300800410003001000170007102000150008804000130010304300120011605000230012808200220015110000370017324000300021024501180024026000760035830000410043449000360047570000350051170000250054614947819OSt20231205101203.0070731s2007 ii af 000 0 eng  a 2007556650 a817824179X aDLCcDLC aa-ii---00aDS481.B6bA25 2007 a954.035092bBOS/C1 aBose, Subhas Chandra,d1897-194510aWorks.kSelections.f200710aChalo Delhi :bwritings and speeches, 1943-1945 /cSubhas Chandra Bose ; edited by Sisir K. Bose and Sugata Bose. aCalcutta :bNetaji Research Bureau ;aDelhi :bPermanent Black,cc2007. axx, 450 p., [16] p. bill. ;c23 cm.0 aNetaji collected works ;vv. 121 aBose, Sisir Kumar,d1920-2000.1 aBose, Sugata,d1956-